[Event "DBMM 2015 (XV.)"]
[Site "München"]
[Date "2015.10.25"]
[Round "7.4"]
[White "Nitsch, Norbert"]
[Black "Fischer, Elmar"]
[Result "0-1"]
[WhiteElo "1764"]
[BlackElo "1625"]
[PlyCount "96"]
[EventDate "2015.10.22"]
[EventRounds "7"]
[EventCountry "GER"]
[WhiteTeam "Wüstenrot & Württembergische 1"]
[BlackTeam "Telestern Berlin 1"]

1. c4 e6 2. d4 Nf6 3. Nc3 Bb4 4. a3 Be7 5. Nf3 d5 6. Bf4 O-O 7. e3 Nbd7 8. Bd3
b6 9. Rc1 Bb7 10. b4 Nh5 11. Be5 f6 12. Bg3 Nxg3 13. hxg3 f5 14. cxd5 exd5 15.
Ne2 Bd6 16. Nh4 g6 17. Nf4 Qe8 18. Nf3 Qe7 19. Nd2 Nf6 20. Ne2 a5 21. bxa5 Rxa5
22. a4 Bb4 23. O-O Bd6 24. Bb5 Raa8 25. Qb3 c5 26. Rb1 c4 27. Qc2 Ng4 28. Nf3
Nf6 29. Nc3 Ne4 30. Rfc1 Rab8 31. Qe2 g5 32. Nd2 Nf6 33. Nf3 Qg7 34. Kf1 Rf7
35. Ke1 f4 36. gxf4 gxf4 37. Kd2 Ng4 38. Nd1 Re7 39. Ne1 Rf8 40. Rc3 fxe3+ 41.
fxe3 Bf4 42. Nc2 Bg3 43. Kc1 Ref7 44. e4 Nf2 45. Nxf2 Rxf2 46. Qh5 Bf4+ 47. Kb2
Qxd4 48. Rd1 Qxe4 0-1

[Event "DBMM 2015 (XV.)"]
[Site "München"]
[Date "2015.10.25"]
[Round "7.1"]
[White "Jacobsen, Rüdiger"]
[Black "Hähnle, Bernd"]
[Result "1/2-1/2"]
[WhiteElo "1523"]
[BlackElo "1959"]
[PlyCount "49"]
[EventDate "2015.10.22"]
[EventRounds "7"]
[EventCountry "GER"]
[WhiteTeam "SG Airbus Bremen 1"]
[BlackTeam "Kreissparkasse Heilbronn 1"]

1. e4 c6 2. Nc3 d5 3. d4 dxe4 4. Nxe4 Bf5 5. Ng3 Bg6 6. Nf3 Nd7 7. Nh4 Ngf6 8.
Nxg6 hxg6 9. Bc4 Qc7 10. Qf3 e5 11. Qb3 Nb6 12. Be3 Nxc4 13. Qxc4 Ng4 14. O-O-O
O-O-O 15. Ne4 Nxe3 16. fxe3 exd4 17. Rhf1 Qe5 18. Rxd4 Rxd4 19. Qxd4 Qxd4 20.
exd4 f5 21. Ng5 Be7 22. Nf3 Bd6 23. h3 Bg3 24. Kd2 Re8 25. Kd3 1/2-1/2

[Event "DBMM 2015 (XV.)"]
[Site "München"]
[Date "2015.10.25"]
[Round "7.2"]
[White "Kern, Hans-Joachim"]
[Black "Mikoteit, Siegfried"]
[Result "1-0"]
[WhiteElo "1719"]
[BlackElo "1293"]
[PlyCount "54"]
[EventDate "2015.10.22"]
[EventRounds "7"]
[EventCountry "GER"]
[WhiteTeam "Kreissparkasse Heilbronn 1"]
[BlackTeam "SG Airbus Bremen 1"]

1. d4 Nf6 2. c4 d5 3. Nc3 e6 4. Bg5 Be7 5. e3 Nbd7 6. Nf3 c6 7. c5 b6 8. b4
bxc5 9. dxc5 Qc7 10. Be2 Ne5 11. Nd4 Nfd7 12. Bxe7 Kxe7 13. O-O h5 14. h3 g6
15. f4 Nc4 16. Bxc4 dxc4 17. Qf3 Bb7 18. Ne4 Ba6 19. Rf2 Rad8 20. Nd6 Nb8 21.
Rd1 Kf6 22. e4 Kg7 23. f5 Rxd6 24. cxd6 Qd7 25. fxg6 f5 26. exf5 exf5 27. Nxf5+
Kxg6 1-0